| 000 | 00670nam a2200205 i 4500 | ||
|---|---|---|---|
| 001 | 124422 | ||
| 003 | ES-MaACL | ||
| 005 | 20250813062610.0 | ||
| 007 | t| | ||
| 008 | 070326s1928 sp ||||1| spa d | ||
| 100 | 1 |
_aGonzález Palencia, Ángel, _d1889-1949 _958854 |
|
| 245 | 1 | 0 |
_aHistoria de la literatura arábigo-española / _cAngel González Palencia. |
| 260 |
_aBarcelona : _bLabor, _c[1928] |
||
| 300 |
_a354 p. : _bil. ; _c17 cm. |
||
| 490 | 1 |
_aColección Labor ; _v164, 165 |
|
| 650 | 4 |
_aLiteratura árabe- _zAl-Andalus- _xHistoria y crítica. _914505 |
|
| 830 | 0 | 0 |
_aColección Labor _v164, 165 _9184254 |
| 852 |
_aES-MaACL _jE-2686 |
||
| 999 |
_c124422 _d124422 |
||